| 000 | 00463nam a2200193Ia 4500 | ||
|---|---|---|---|
| 005 | 20240823004933.0 | ||
| 008 | 240823s9999||||xx |||||||||||||| ||und|| | ||
| 041 | _aENGLISH | ||
| 082 | _A620.112 N5 | ||
| 100 | _aBasavarajaiah B S | ||
| 245 | 0 | _aStrength of Materials | |
| 250 | _a2nd | ||
| 260 |
_c1995 _b"CBS,Delhi" |
||
| 500 | _aTRANSFERED | ||
| 650 |
_aMaterials _bAeronautical Engineering |
||
| 700 | _a Mahadevappa | ||
| 942 | _cBK | ||
| 999 |
_c154282 _d154282 |
||